Kinglsey v SoS Environment and Cheshire CC (Record no. 67496)
[ view plain ]
| 000 -LEADER | |
|---|---|
| fixed length control field | 01125cam a2200217 4500 |
| 001 - CONTROL NUMBER | |
| control field | X113310 |
| 008 - FIXED-LENGTH DATA ELEMENTS--GENERAL INFORMATION | |
| fixed length control field | 000000n2001 000 0 eng u |
| 035 ## - SYSTEM CONTROL NUMBER | |
| System control number | (Sirsi) u113310 |
| 245 ## - TITLE STATEMENT | |
| Title | Kinglsey v SoS Environment and Cheshire CC |
| 260 ## - PUBLICATION, DISTRIBUTION, ETC. | |
| Date of publication, distribution, etc. | 2001 |
| 490 ## - SERIES STATEMENT | |
| Series statement | Property, Planning and Compensation Reports |
| Volume/sequential designation | [2001] 82 P&CR 85-103(19) |
| 520 ## - SUMMARY, ETC. | |
| Summary, etc. | QBD 10 November 2000. Structure plan. Examination in public. Housing provision. Alterations to green belt. Whether to be dealt with at Local Plan stage. Town and Country Planning (Development Plan) Regulations 1991 reg 16 and Town and Country Planning Act 1990 s32. Explanatory memorandum. Whether contained policy. Town and Country Planning Act 1990 s287. Judicial review. (Taken from headnote) |
| 650 ## - SUBJECT ADDED ENTRY--TOPICAL TERM | |
| Topical term or geographic name entry element | KINGSLEY V SOS ENVIRONMENT V CHESHIRE CC |
| 650 ## - SUBJECT ADDED ENTRY--TOPICAL TERM | |
| Topical term or geographic name entry element | JUDICIAL REVIEW |
| 650 ## - SUBJECT ADDED ENTRY--TOPICAL TERM | |
| Topical term or geographic name entry element | LOCAL PLAN |
| 650 ## - SUBJECT ADDED ENTRY--TOPICAL TERM | |
| Topical term or geographic name entry element | TOWN AND COUNTRY PLANNING (DEVELOPMENT PLAN) REGULATIONS 1991 REG 16 |
| 650 ## - SUBJECT ADDED ENTRY--TOPICAL TERM | |
| Topical term or geographic name entry element | TOWN AND COUNTRY PLANNING ACT 1990 S32 |
| 650 ## - SUBJECT ADDED ENTRY--TOPICAL TERM | |
| Topical term or geographic name entry element | TOWN AND COUNTRY PLANNING ACT 1990 S287 |
| 690 ## - LOCAL SUBJECT ADDED ENTRY--TOPICAL TERM (OCLC, RLIN) | |
| Topical term or geographic name as entry element | Planning and development |
| 9 (RLIN) | 6259 |
| 942 ## - ADDED ENTRY ELEMENTS (KOHA) | |
| Suppress in OPAC | 0 |
| Withdrawn status | Lost status | Source of classification or shelving scheme | Damaged status | Not for loan | Home library | Current library | Shelving location | Date acquired | Total Checkouts | Full call number | Barcode | Date last seen | Copy number | Price effective from | Koha item type |
|---|---|---|---|---|---|---|---|---|---|---|---|---|---|---|---|
| Dewey Decimal Classification | London | London | Journal article | 27/06/2001 | X113310 | 113310-1001 | 06/08/2019 | 1 | 06/08/2019 | Law report |